[Event "Tradewise Gibraltar Masters 14th"]
[Site "Gibraltar"]
[Date "2016.02.04"]
[Round "10.27"]
[White "Pogonina, Natalija"]
[Black "Kosteniuk, Alexandra"]
[Result "1/2-1/2"]
[WhiteElo "2454"]
[BlackElo "2550"]
[PlyCount "86"]
[EventDate "2016.01.26"]
[EventType "swiss"]
[EventRounds "10"]
[EventCountry "GGB"]
[Source "www.saund.co.uk"]
[SourceDate "2005.02.07"]

1. e4 e5 2. Nf3 Nc6 3. Bc4 Bc5 4. d3 Nf6 5. Bb3 O-O 6. O-O d6 7. c3 h6 8. Nbd2
a5 9. a4 Bg4 10. h3 Bh5 11. Re1 Qd7 12. Nf1 Rae8 13. Ng3 Bg6 14. Nh4 Kh8 15.
Qf3 Nh7 16. Nhf5 Ne7 17. h4 Bxf5 18. exf5 Bb6 19. Bd2 c6 20. Rad1 Bc7 21. d4
exd4 22. cxd4 Nf6 23. Bc2 Ned5 24. Ne2 Nb4 25. Bb1 d5 26. g4 Ne4 27. Bf4 Bxf4
28. Qxf4 Qd6 29. Bxe4 Qxf4 30. Nxf4 dxe4 31. Re2 Re7 32. Rde1 Rfe8 33. Kf1 Kg8
34. g5 Kf8 35. f6 gxf6 36. gxf6 Rd7 37. Rxe4 Rxe4 38. Rxe4 Rd6 39. Nh5 Nd5 40.
Re5 Nxf6 41. Nxf6 Rxf6 42. Rxa5 Rf4 43. d5 cxd5 1/2-1/2

[Event "Tradewise Gibraltar Masters 14th"]
[Site "Gibraltar"]
[Date "2016.02.04"]
[Round "10.28"]
[White "Shytaj, Luca"]
[Black "Demuth, Adrien"]
[Result "1-0"]
[WhiteElo "2443"]
[BlackElo "2535"]
[PlyCount "61"]
[EventDate "2016.01.26"]
[EventType "swiss"]
[EventRounds "10"]
[EventCountry "GGB"]
[Source "www.saund.co.uk"]
[SourceDate "2005.02.07"]

1. e4 e5 2. Nf3 Nc6 3. Bc4 Nf6 4. d3 Be7 5. O-O O-O 6. Re1 d6 7. a4 Be6 8. a5
b6 9. a6 Qc8 10. c3 Rb8 11. Bxe6 fxe6 12. d4 exd4 13. cxd4 d5 14. Nc3 Bb4 15.
e5 Ne4 16. Qd3 h6 17. Nxe4 Rxf3 18. Qxf3 Bxe1 19. Nf6+ gxf6 20. Bxh6 Qd7 21.
Rxe1 fxe5 22. dxe5 Qf7 23. Qg3+ Kh7 24. Bg5 Qh5 25. Rc1 Rg8 26. h4 Qe8 27. Qd3+
Kg7 28. Bf6+ Kh6 29. Qd2+ Kh5 30. f3 Rg3 31. Kh2 1-0

[Event "Tradewise Gibraltar Masters 14th"]
[Site "Gibraltar"]
[Date "2016.02.04"]
[Round "10.29"]
[White "Herman, Matthew J"]
[Black "Handke, Florian"]
[Result "1-0"]
[WhiteElo "2370"]
[BlackElo "2533"]
[PlyCount "75"]
[EventDate "2016.01.26"]
[EventType "swiss"]
[EventRounds "10"]
[EventCountry "GGB"]
[Source "www.saund.co.uk"]
[SourceDate "2005.02.07"]

1. e4 c5 2. Nf3 Nc6 3. Bb5 d6 4. O-O Bd7 5. Re1 Nf6 6. c3 a6 7. Bc4 b5 8. Bf1
e5 9. a4 Rb8 10. axb5 axb5 11. Na3 Ne7 12. Qb3 c4 13. Qd1 Ng6 14. b3 cxb3 15.
Qxb3 Be7 16. Nxb5 O-O 17. c4 Bc6 18. Qc2 Bxb5 19. cxb5 d5 20. exd5 Rc8 21. Qf5
Bc5 22. Bb2 Ne7 23. Qh3 Qb6 24. Rxe5 Bxf2+ 25. Kh1 Ng6 26. Rf5 Ne4 27. Bd3 Nc5
28. Ng5 h5 29. Nxf7 Nxd3 30. Qxd3 Rce8 31. Rf6 Qxf6 32. Bxf6 Nf4 33. Nh6+ gxh6
34. Qf5 Rxf6 35. Qxf6 Rf8 36. Qxh6 Bd4 37. Qxf8+ Kxf8 38. Rf1 1-0

[Event "Tradewise Gibraltar Masters 14th"]
[Site "Gibraltar"]
[Date "2016.02.04"]
[Round "10.30"]
[White "Pinho, Paulo"]
[Black "Vishnu, Prasanna. V"]
[Result "0-1"]
[WhiteElo "2197"]
[BlackElo "2518"]
[PlyCount "44"]
[EventDate "2016.01.26"]
[EventType "swiss"]
[EventRounds "10"]
[EventCountry "GGB"]
[Source "www.saund.co.uk"]
[SourceDate "2005.02.07"]

1. d4 Nf6 2. c4 g6 3. Nc3 d5 4. Bf4 Bg7 5. Rc1 dxc4 6. e4 Nc6 7. d5 Na5 8. Nb5
O-O 9. Bxc7 Qd7 10. Bxa5 Qxb5 11. Bc3 Nxe4 12. Bxg7 Kxg7 13. Qd4+ Nf6 14. Bxc4
Qb4+ 15. Qc3 Qxc3+ 16. Rxc3 Rd8 17. Rd3 Bf5 18. Rd2 Rac8 19. Bb3 Rc1+ 20. Rd1
Rxd1+ 21. Bxd1 Nxd5 22. Bf3 Nb4 0-1

[Event "Tradewise Gibraltar Masters 14th"]
[Site "Gibraltar"]
[Date "2016.02.04"]
[Round "10.31"]
[White "Pichot, Alan"]
[Black "Tarjan, James E"]
[Result "1/2-1/2"]
[WhiteElo "2517"]
[BlackElo "2478"]
[PlyCount "133"]
[EventDate "2016.01.26"]
[EventType "swiss"]
[EventRounds "10"]
[EventCountry "GGB"]
[Source "www.saund.co.uk"]
[SourceDate "2005.02.07"]

1. e4 c6 2. d4 d5 3. Nc3 dxe4 4. Nxe4 Nd7 5. Bc4 Ngf6 6. Ng5 e6 7. Qe2 Nb6 8.
Bd3 h6 9. N5f3 c5 10. dxc5 Na4 11. Ne5 Nxc5 12. Bb5+ Bd7 13. Nxd7 Ncxd7 14. c3
Bc5 15. Nf3 O-O 16. O-O Qc7 17. Bd2 Rfd8 18. Rad1 Bd6 19. Ba4 Nc5 20. Bc2 Bf4
21. Be1 Rxd1 22. Qxd1 Rd8 23. Qe2 Qd6 24. c4 Nd3 25. Bc3 Nc1 26. Qe1 Nxa2 27.
g3 Nxc3 28. Qxc3 Bd2 29. Nxd2 Qxd2 30. Rd1 Qxd1+ 31. Bxd1 Rxd1+ 32. Kg2 Rd7 33.
Qa5 a6 34. Qc5 Ne8 35. Qc8 Re7 36. c5 Kf8 37. b4 Rc7 38. Qd8 f6 39. f4 f5 40.
g4 fxg4 41. Kg3 Kf7 42. Kxg4 Nf6+ 43. Kf3 Re7 44. Qc8 Nd5 45. f5 Nxb4 46. fxe6+
Kf6 47. Kg4 Nc6 48. Kf4 g6 49. Qf8+ Kxe6 50. Qxh6 Ne5 51. Ke4 Kf6 52. Qh8+ Kf7
53. Kd5 Nd7 54. Qh7+ Kf6 55. Qg8 Rf7 56. Kd6 g5 57. Qe8 Nf8 58. Qe5+ Kg6 59.
Qe4+ Kf6 60. Kd5 Rd7+ 61. Kc4 Ne6 62. Qf3+ Ke5 63. Qg3+ Kf6 64. Qh3 Rc7 65.
Qh8+ Kf5 66. Qh3+ Kf6 67. Qh8+ 1/2-1/2

[Event "Tradewise Gibraltar Masters 14th"]
[Site "Gibraltar"]
[Date "2016.02.04"]
[Round "10.33"]
[White "Bai, Jinshi"]
[Black "Krush, Irina"]
[Result "1-0"]
[WhiteElo "2507"]
[BlackElo "2458"]
[PlyCount "143"]
[EventDate "2016.01.26"]
[EventType "swiss"]
[EventRounds "10"]
[EventCountry "GGB"]
[Source "www.saund.co.uk"]
[SourceDate "2005.02.07"]

1. d4 Nf6 2. c4 g6 3. Nc3 Bg7 4. e4 d6 5. h3 O-O 6. Nf3 e5 7. d5 Nh5 8. g3 f5
9. exf5 gxf5 10. Nh4 Nf6 11. Bd3 e4 12. Be2 Nfd7 13. Ng2 Na6 14. Nf4 Nac5 15.
Be3 Ne5 16. Qc2 a6 17. O-O-O b5 18. cxb5 axb5 19. Bxb5 Qe7 20. g4 Ba6 21. Bxa6
Rxa6 22. gxf5 Ned3+ 23. Nxd3 Nxd3+ 24. Rxd3 exd3 25. Qxd3 Raa8 26. Rg1 Kh8 27.
Rg4 Be5 28. Kc2 Rae8 29. Ne4 Qd7 30. Ng5 Qxf5 31. Qxf5 Rxf5 32. Rc4 h6 33. Ne4
c5 34. a4 Ra8 35. Bxh6 Rh5 36. Bd2 Ra6 37. Ng5 Kg7 38. Rg4 Kf6 39. b3 Kf5 40.
f3 c4 41. Ne4 cxb3+ 42. Kxb3 Rb6+ 43. Kc4 Rb2 44. a5 Ra2 45. Kd3 Ra3+ 46. Ke2
Ra2 47. Rg8 Bf4 48. Kd3 Ra3+ 49. Ke2 Ra2 50. Kd3 Ra3+ 51. Bc3 Be5 52. Kc4 Kf4
53. Rf8+ Ke3 54. Bd2+ Ke2 55. f4 Rh4 56. Bb4 Ra1 57. Kb5 Bxf4 58. Nxd6 Rb1 59.
Re8+ Kf3 60. Nf5 Rh7 61. Nd4+ Kg2 62. Kc4 Rc1+ 63. Bc3 Rc7+ 64. Nc6 Rh7 65. Re1
Rc2 66. Kb3 Rf2 67. a6 Rf3 68. a7 Rhxh3 69. a8=Q Rxc3+ 70. Ka2 Bd6 71. Qb7 Rc2+
72. Kb1 1-0

[Event "Tradewise Gibraltar Masters 14th"]
[Site "Gibraltar"]
[Date "2016.02.04"]
[Round "10.34"]
[White "Wemmers, Xander"]
[Black "Khotenashvili, Bela"]
[Result "1-0"]
[WhiteElo "2352"]
[BlackElo "2502"]
[PlyCount "135"]
[EventDate "2016.01.26"]
[EventType "swiss"]
[EventRounds "10"]
[EventCountry "GGB"]
[Source "www.saund.co.uk"]
[SourceDate "2005.02.07"]

1. d4 g6 2. c4 Bg7 3. e4 c5 4. d5 d6 5. Bd3 e6 6. h3 Ne7 7. Nf3 O-O 8. O-O h6
9. Nc3 e5 10. Rb1 f5 11. Nh2 f4 12. Be2 h5 13. Bd2 Rf7 14. g4 Bf8 15. Kh1 hxg4
16. Bxg4 Rh7 17. Rg1 Na6 18. Nb5 Nc7 19. Nxc7 Qxc7 20. Qf3 Bg7 21. b4 b6 22.
bxc5 dxc5 23. Bc3 Rh4 24. Rbd1 Qd6 25. Rd3 Rb8 26. Qd1 a6 27. a4 Bxg4 28. Nxg4
Rh5 29. Nh2 Rh4 30. Qf1 Bf6 31. Qg2 Kf7 32. Ng4 Bg7 33. a5 Rh5 34. axb6 Rxb6
35. Ba5 Rb7 36. Ra1 Ng8 37. Rda3 Ne7 38. Kh2 Kg8 39. Qf3 Kh7 40. Kg2 Rh4 41.
Rb3 Rxb3 42. Qxb3 Nf5 43. Qb6 f3+ 44. Kh2 Bf8 45. Qxd6 Nxd6 46. Bd8 Rxg4 47.
hxg4 Nxe4 48. Rxa6 Bd6 49. Kg1 Kg8 50. Rc6 Kf7 51. Bc7 Bxc7 52. Rxc7+ Kf6 53.
Rc6+ Kf7 54. Re6 Nd2 55. Rxe5 Nxc4 56. Re6 Nd2 57. g5 c4 58. Re3 Nb3 59. d6 Nc5
60. Re5 Nd3 61. d7 Nxe5 62. d8=Q Ke6 63. Kf1 Kf5 64. Ke1 Nd3+ 65. Kd2 Nxf2 66.
Ke3 Ng4+ 67. Kxf3 Ne5+ 68. Ke3 1-0

[Event "Tradewise Gibraltar Masters 14th"]
[Site "Gibraltar"]
[Date "2016.02.04"]
[Round "10.35"]
[White "Goryachkina, Aleksandra"]
[Black "Tan, Justin"]
[Result "1/2-1/2"]
[WhiteElo "2502"]
[BlackElo "2446"]
[PlyCount "113"]
[EventDate "2016.01.26"]
[EventType "swiss"]
[EventRounds "10"]
[EventCountry "GGB"]
[Source "www.saund.co.uk"]
[SourceDate "2005.02.07"]

1. d4 Nf6 2. c4 e6 3. Nf3 d5 4. Nc3 dxc4 5. e4 Bb4 6. Bxc4 Nxe4 7. O-O Nxc3 8.
bxc3 Be7 9. Ne5 O-O 10. Qg4 Nc6 11. Re1 f5 12. Qf3 Nxe5 13. Rxe5 Kh8 14. Bf4
Bd7 15. Bxe6 Bd6 16. Re3 Bc6 17. Qg3 Rf6 18. d5 Bxd5 19. Bxd5 Bxf4 20. Qxf4
Qxd5 21. Qxc7 Rf7 22. Qf4 h6 23. h3 Rc8 24. a4 Kh7 25. Rae1 Qc4 26. Qf3 Qxa4
27. Re7 Qb3 28. R1e6 Rcf8 29. Qd3 Qa3 30. Qe3 a5 31. g4 a4 32. gxf5 Rxe7 33.
Rxe7 Rxf5 34. Qe4 Qc5 35. Rf7 Qxf2+ 36. Kh1 Qf1+ 37. Kh2 Qf2+ 38. Kh1 Kg6 39.
Rf8 Qf1+ 40. Kh2 Qf2+ 41. Kh1 h5 42. Qe8+ Rf7 43. Rxf7 Qxf7 44. Qxa4 Qf1+ 45.
Kh2 Qf2+ 46. Kh1 Qe1+ 47. Kg2 Qd2+ 48. Kg1 Qxc3 49. Qe8+ Kh6 50. Qh8+ Kg6 51.
Qe8+ Kh6 52. Qh8+ Kg5 53. Qd8+ Qf6 54. Qd5+ Kh4 55. Qxb7 Kxh3 56. Qe4 g6 57.
Qf3+ 1/2-1/2

[Event "Tradewise Gibraltar Masters 14th"]
[Site "Gibraltar"]
[Date "2016.02.04"]
[Round "10.36"]
[White "Fodor, Tamas Jr"]
[Black "Khademalsharieh, Sarasadat"]
[Result "0-1"]
[WhiteElo "2500"]
[BlackElo "2392"]
[PlyCount "50"]
[EventDate "2016.01.26"]
[EventType "swiss"]
[EventRounds "10"]
[EventCountry "GGB"]
[Source "www.saund.co.uk"]
[SourceDate "2005.02.07"]

1. d4 Nf6 2. Nc3 d5 3. Bf4 c6 4. e3 g6 5. Bd3 Bg7 6. h3 Nbd7 7. Nf3 O-O 8. O-O
c5 9. Re1 b6 10. Ne5 Bb7 11. a4 a6 12. Bh2 Rc8 13. f4 Ne8 14. Qg4 Ndf6 15. Qh4
Nd6 16. Rad1 c4 17. Be2 b5 18. axb5 axb5 19. Nb1 Nf5 20. Qf2 Ne4 21. Qf3 f6 22.
g4 Nh4 23. Qh1 fxe5 24. dxe5 Qb6 25. Rd4 Bxe5 0-1

[Event "Tradewise Gibraltar Masters 14th"]
[Site "Gibraltar"]
[Date "2016.02.04"]
[Round "10.37"]
[White "Naiditsch, Arkadij"]
[Black "Padmini, Rout"]
[Result "1/2-1/2"]
[WhiteElo "2696"]
[BlackElo "2427"]
[PlyCount "89"]
[EventDate "2016.01.26"]
[EventType "swiss"]
[EventRounds "10"]
[EventCountry "GGB"]
[Source "www.saund.co.uk"]
[SourceDate "2005.02.07"]

1. d4 Nf6 2. Nf3 e6 3. e3 d5 4. Bd3 Be7 5. O-O c5 6. b3 b6 7. Bb2 Nbd7 8. Nbd2
Bb7 9. c4 O-O 10. Qe2 Ne4 11. Rfd1 Nxd2 12. Rxd2 cxd4 13. Nxd4 Bb4 14. Rdd1 Qg5
15. Nf3 Qh5 16. cxd5 Bxd5 17. e4 Bb7 18. Bb5 Nf6 19. Bxf6 gxf6 20. a3 Bc3 21.
Rac1 Be5 22. Rd7 Rfc8 23. Rcd1 Bc6 24. Bxc6 Rxc6 25. g3 Rac8 26. Kg2 Rc3 27.
R1d3 Kg7 28. Rxa7 Rxd3 29. Qxd3 Rc3 30. Qd1 Bc7 31. Ra4 b5 32. Rd4 Bb6 33. Rd7
Qc5 34. Nd4 Qe5 35. Qg4+ Kf8 36. Nf3 Qc5 37. Rd2 Rxb3 38. e5 f5 39. Qh5 Qc6 40.
Rd6 Qb7 41. Qh6+ Kg8 42. Qg5+ Kf8 43. Qh6+ Kg8 44. Qg5+ Kf8 45. Qh6+ 1/2-1/2

[Event "Tradewise Gibraltar Masters 14th"]
[Site "Gibraltar"]
[Date "2016.02.04"]
[Round "10.38"]
[White "Csonka, Balazs"]
[Black "Erdos, Viktor"]
[Result "1/2-1/2"]
[WhiteElo "2415"]
[BlackElo "2613"]
[PlyCount "45"]
[EventDate "2016.01.26"]
[EventType "swiss"]
[EventRounds "10"]
[EventCountry "GGB"]
[Source "www.saund.co.uk"]
[SourceDate "2005.02.07"]

1. e4 e6 2. d4 d5 3. Nd2 c5 4. exd5 Qxd5 5. dxc5 Qxc5 6. Ngf3 Nf6 7. Bd3 Be7 8.
O-O Nbd7 9. Qe2 O-O 10. c4 Qc7 11. b3 b6 12. Bb2 Bb7 13. Ne4 Rad8 14. Rad1 Rfe8
15. Bb1 Bxe4 16. Bxe4 Nxe4 17. Qxe4 Bf6 18. Bxf6 Nxf6 19. Qe5 Qc8 20. Qe2 Qc7
21. Qe5 Qc8 22. Qe2 Qc7 23. Qe5 1/2-1/2

[Event "Tradewise Gibraltar Masters 14th"]
[Site "Gibraltar"]
[Date "2016.02.04"]
[Round "10.39"]
[White "Al-Sayed, Mohammed"]
[Black "Ben Artzi, Ido"]
[Result "1/2-1/2"]
[WhiteElo "2530"]
[BlackElo "2418"]
[PlyCount "71"]
[EventDate "2016.01.26"]
[EventType "swiss"]
[EventRounds "10"]
[EventCountry "GGB"]
[Source "www.saund.co.uk"]
[SourceDate "2005.02.07"]

1. d4 Nf6 2. c4 g6 3. Nc3 d5 4. Bg5 Bg7 5. Bxf6 Bxf6 6. cxd5 c6 7. e4 O-O 8. e5
Bg7 9. Bc4 b5 10. Bb3 b4 11. Nce2 cxd5 12. h4 h5 13. Nf4 Nc6 14. Bxd5 Bb7 15.
e6 fxe6 16. Bxe6+ Kh7 17. Ngh3 Qxd4 18. Qxd4 Nxd4 19. O-O Rxf4 20. Nxf4 Rf8 21.
Nh3 Nxe6 22. Rfe1 Nf4 23. Nxf4 Rxf4 24. Rxe7 Bd5 25. Rxa7 Kh6 26. Rd7 Rf5 27.
Rd1 Bxa2 28. Rb7 Bf8 29. Rd8 g5 30. Ra8 Bc4 31. b3 Bd3 32. Rd7 Bb5 33. Rb7 Bd3
34. Rb6+ Kg7 35. hxg5 Rxf2 36. Rc8 1/2-1/2

[Event "Tradewise Gibraltar Masters 14th"]
[Site "Gibraltar"]
[Date "2016.02.04"]
[Round "10.40"]
[White "Nezad, Husein Aziz"]
[Black "Harika, Dronavalli"]
[Result "0-1"]
[WhiteElo "2422"]
[BlackElo "2511"]
[PlyCount "55"]
[EventDate "2016.01.26"]
[EventType "swiss"]
[EventRounds "10"]
[EventCountry "GGB"]
[Source "www.saund.co.uk"]
[SourceDate "2005.02.07"]

1. d4 Nf6 2. c4 e6 3. Nf3 d5 4. Nc3 c6 5. e3 Nbd7 6. Qc2 Bd6 7. Bd3 O-O 8. O-O
dxc4 9. Bxc4 b5 10. Be2 Bb7 11. e4 e5 12. dxe5 Nxe5 13. Nd4 Neg4 14. g3 Bc5 15.
Nf5 Re8 16. Kg2 g6 17. f3 Ne5 18. Nh6+ Kg7 19. Bg5 Be7 20. Rad1 Qb6 21. h4 Nc4
22. Bxc4 bxc4 23. Qe2 Nd5 24. Ng4 h5 25. exd5 Bxg5 26. Ne5 cxd5 27. Nxd5 Qe6
28. Qxc4 0-1

[Event "Tradewise Gibraltar Masters 14th"]
[Site "Gibraltar"]
[Date "2016.02.04"]
[Round "10.41"]
[White "Satyapragyan, Swayangsu"]
[Black "Zhao Xue"]
[Result "0-1"]
[WhiteElo "2410"]
[BlackElo "2506"]
[PlyCount "80"]
[EventDate "2016.01.26"]
[EventType "swiss"]
[EventRounds "10"]
[EventCountry "GGB"]
[Source "www.saund.co.uk"]
[SourceDate "2005.02.07"]

1. e4 e5 2. Nf3 Nc6 3. Bb5 Nge7 4. Nc3 d6 5. d4 a6 6. Be2 Nxd4 7. Nxd4 exd4 8.
Qxd4 Nc6 9. Qd3 g6 10. h4 h6 11. Be3 Bg7 12. Qd2 Be6 13. O-O-O Qd7 14. Kb1
O-O-O 15. Nd5 Kb8 16. Qd3 Ne5 17. Qd4 c5 18. Qc3 f5 19. exf5 gxf5 20. Qa3 Qf7
21. c4 f4 22. Bc1 Bxd5 23. cxd5 Rhf8 24. h5 Ka7 25. Qb3 Nd7 26. Bg4 Be5 27. Qc2
Bd4 28. Be6 Qf6 29. f3 Nb6 30. Rhe1 Rde8 31. Re4 Be5 32. Rde1 Qe7 33. Qb3 Na8
34. Bg4 Qf7 35. Qc4 Nb6 36. Qc2 Nxd5 37. Qb3 Nf6 38. Qxf7 Rxf7 39. Bxf4 Nxe4
40. Bxe5 Nf6 0-1

[Event "Tradewise Gibraltar Masters 14th"]
[Site "Gibraltar"]
[Date "2016.02.04"]
[Round "10.42"]
[White "Hauge, Lars Oskar"]
[Black "Aravindh, Chithambaram Vr"]
[Result "0-1"]
[WhiteElo "2388"]
[BlackElo "2500"]
[PlyCount "78"]
[EventDate "2016.01.26"]
[EventType "swiss"]
[EventRounds "10"]
[EventCountry "GGB"]
[Source "www.saund.co.uk"]
[SourceDate "2005.02.07"]

1. e4 g6 2. d4 Bg7 3. Nc3 c6 4. Nf3 d6 5. Be2 Nf6 6. O-O Bg4 7. Be3 O-O 8. Nd2
Bxe2 9. Qxe2 b5 10. a4 b4 11. Na2 a5 12. Rad1 Qc8 13. Nc1 Nbd7 14. Nd3 Nb6 15.
b3 Nfd7 16. f3 Qa6 17. Rfe1 Rac8 18. Qf2 Na8 19. Bg5 Qa7 20. e5 Rfe8 21. Nc4
Nab6 22. Nxb6 Nxb6 23. Bc1 Nd5 24. Nf4 Nc3 25. Rd3 c5 26. dxc5 dxe5 27. Nd5
Nxd5 28. Rxd5 e6 29. Rd3 Qxc5 30. Qxc5 Rxc5 31. Re2 Rd5 32. Rxd5 exd5 33. Be3
Re6 34. Ba7 Rc6 35. Kf2 f6 36. Ke3 Kf7 37. g3 Ke6 38. f4 Ra6 39. Bb8 Ra8 0-1

[Event "Tradewise Gibraltar Masters 14th"]
[Site "Gibraltar"]
[Date "2016.02.04"]
[Round "10.43"]
[White "Lei, Tingjie"]
[Black "Docx, Stefan"]
[Result "1/2-1/2"]
[WhiteElo "2474"]
[BlackElo "2416"]
[PlyCount "83"]
[EventDate "2016.01.26"]
[EventType "swiss"]
[EventRounds "10"]
[EventCountry "GGB"]
[Source "www.saund.co.uk"]
[SourceDate "2005.02.07"]

1. d4 Nf6 2. c4 e6 3. Nf3 c5 4. d5 d6 5. Nc3 exd5 6. cxd5 g6 7. g3 Bg7 8. Bg2
O-O 9. O-O Re8 10. Re1 a6 11. a4 Nbd7 12. e4 Ng4 13. Nd2 Nge5 14. Bf1 g5 15. f4
gxf4 16. gxf4 Ng6 17. Nf3 Bh6 18. f5 Bxc1 19. Qxc1 Nge5 20. Nxe5 Nxe5 21. Qh6
Kh8 22. Kh1 f6 23. Be2 Bd7 24. Bh5 Rg8 25. Rg1 Qe7 26. Be2 Rxg1+ 27. Rxg1 Rg8
28. Rxg8+ Kxg8 29. Kg2 b5 30. axb5 axb5 31. Bxb5 Bxb5 32. Nxb5 Qb7 33. Qxf6
Qxb5 34. Qe6+ Nf7 35. f6 Qe2+ 36. Kg1 Qe3+ 37. Kf1 Qf4+ 38. Ke1 Qc1+ 39. Ke2
Qxb2+ 40. Kd1 Qd4+ 41. Ke2 Qc4+ 42. Kd2 1/2-1/2

[Event "Tradewise Gibraltar Masters 14th"]
[Site "Gibraltar"]
[Date "2016.02.04"]
[Round "10.44"]
[White "Xu, Xiangyu"]
[Black "Vogt, Lothar"]
[Result "1/2-1/2"]
[WhiteElo "2466"]
[BlackElo "2409"]
[PlyCount "58"]
[EventDate "2016.01.26"]
[EventType "swiss"]
[EventRounds "10"]
[EventCountry "GGB"]
[Source "www.saund.co.uk"]
[SourceDate "2005.02.07"]

1. e4 c5 2. Nf3 Nc6 3. d4 cxd4 4. Nxd4 g6 5. Nc3 Bg7 6. Be3 Nf6 7. Bc4 Qa5 8.
O-O O-O 9. Bb3 d6 10. h3 Bd7 11. Re1 Rfc8 12. Qe2 Qh5 13. Qxh5 Nxh5 14. Rad1
Nf6 15. Nxc6 Bxc6 16. Bd4 Kf8 17. e5 dxe5 18. Bxe5 Rd8 19. Kf1 Ne8 20. Bxg7+
Nxg7 21. Bd5 Bxd5 22. Nxd5 e6 23. Ne3 h5 24. a4 Ke7 25. Nd5+ Kf8 26. Ne3 Ke7
27. Nd5+ Kf8 28. Ne3 Ke7 29. Nd5+ Kf8 1/2-1/2

[Event "Tradewise Gibraltar Masters 14th"]
[Site "Gibraltar"]
[Date "2016.02.04"]
[Round "10.45"]
[White "Kuipers, Stefan"]
[Black "Kashlinskaya, Alina"]
[Result "1/2-1/2"]
[WhiteElo "2399"]
[BlackElo "2462"]
[PlyCount "49"]
[EventDate "2016.01.26"]
[EventType "swiss"]
[EventRounds "10"]
[EventCountry "GGB"]
[Source "www.saund.co.uk"]
[SourceDate "2005.02.07"]

1. e4 e6 2. b3 d5 3. Bb2 dxe4 4. Nc3 Nf6 5. g4 Bd7 6. g5 Nd5 7. Nxe4 Bc6 8. Ne2
h6 9. gxh6 Rxh6 10. Rg1 Qh4 11. d3 f5 12. N4g3 a5 13. a3 f4 14. Ne4 Ne3 15. Qd2
Bxe4 16. dxe4 Bc5 17. Rxg7 Nxf1 18. Qxf4 Qxf4 19. Nxf4 Nxh2 20. O-O-O Bd6 21.
Rg8+ Kf7 22. Rg7+ Ke8 23. Rg8+ Kf7 24. Rg7+ Ke8 25. Rg8+ 1/2-1/2

[Event "Tradewise Gibraltar Masters 14th"]
[Site "Gibraltar"]
[Date "2016.02.04"]
[Round "10.46"]
[White "Carlstedt, Jonathan"]
[Black "Houska, Jovanka"]
[Result "1/2-1/2"]
[WhiteElo "2461"]
[BlackElo "2402"]
[PlyCount "83"]
[EventDate "2016.01.26"]
[EventType "swiss"]
[EventRounds "10"]
[EventCountry "GGB"]
[Source "www.saund.co.uk"]
[SourceDate "2005.02.07"]

1. d4 d5 2. c4 e6 3. Nf3 Nf6 4. g3 Bb4+ 5. Bd2 Be7 6. Bg2 O-O 7. O-O c6 8. Qc2
Nbd7 9. Nc3 dxc4 10. e4 b5 11. e5 Nd5 12. Ne4 Re8 13. Bg5 a5 14. Rfe1 Ba6 15.
Nd6 Rf8 16. Bxe7 Qxe7 17. a4 N7b6 18. axb5 Bxb5 19. Qd2 f5 20. Rec1 a4 21. Ra3
c3 22. bxc3 Nc4 23. Nxc4 Bxc4 24. Rca1 Nb6 25. Qg5 Qxg5 26. Nxg5 Rfc8 27. Rb1
Ra6 28. Nf3 Bd3 29. Rb4 Nd5 30. Rbxa4 Rxa4 31. Rxa4 Nxc3 32. Ra3 Ne2+ 33. Kh1
Be4 34. Ra4 Rd8 35. Ra6 h6 36. h4 Nxd4 37. Nxd4 Rxd4 38. Bxe4 Rxe4 39. f4 Rc4
40. Ra8+ Kf7 41. Ra7+ Kf8 42. Ra8+ 1/2-1/2

[Event "Tradewise Gibraltar Masters 14th"]
[Site "Gibraltar"]
[Date "2016.02.04"]
[Round "10.47"]
[White "Galyas, Miklos"]
[Black "Galinsky, Timofey"]
[Result "1/2-1/2"]
[WhiteElo "2459"]
[BlackElo "2379"]
[PlyCount "101"]
[EventDate "2016.01.26"]
[EventType "swiss"]
[EventRounds "10"]
[EventCountry "GGB"]
[Source "www.saund.co.uk"]
[SourceDate "2005.02.07"]

1. Nf3 d5 2. c4 e6 3. g3 Nf6 4. Bg2 dxc4 5. Qa4+ c6 6. Qxc4 b5 7. Qc2 Bb7 8.
O-O Nbd7 9. Nc3 Rc8 10. a4 b4 11. Nd1 a5 12. Ne3 Be7 13. Nc4 O-O 14. d3 c5 15.
e4 Ba6 16. Rd1 Nb8 17. b3 Nc6 18. Bb2 Qc7 19. Nfe5 Bxc4 20. Nxc4 Rfd8 21. f4
Nd4 22. Bxd4 Rxd4 23. Rf1 Nd7 24. Rad1 Nb8 25. e5 Rcd8 26. f5 exf5 27. Rxf5 Nd7
28. Rdf1 f6 29. Qe2 Nf8 30. Be4 Kh8 31. exf6 Bxf6 32. Qf3 Re8 33. Nxa5 Ne6 34.
Nc4 Rxc4 35. bxc4 Nd4 36. Qg4 Nxf5 37. Qxf5 Bd4+ 38. Kg2 g6 39. Qd5 Rd8 40. Qe6
Qd6 41. Qf7 b3 42. a5 b2 43. Bb7 Bg7 44. Bd5 Rf8 45. Qb7 Rb8 46. Qf7 Qe5 47. a6
Qe2+ 48. Qf2 Qxf2+ 49. Kxf2 b1=Q 50. Rxb1 Rxb1 51. a7 1/2-1/2

[Event "Tradewise Gibraltar Masters 14th"]
[Site "Gibraltar"]
[Date "2016.02.04"]
[Round "10.48"]
[White "Tate, Alan"]
[Black "Salomon, Johan"]
[Result "0-1"]
[WhiteElo "2345"]
[BlackElo "2444"]
[PlyCount "78"]
[EventDate "2016.01.26"]
[EventType "swiss"]
[EventRounds "10"]
[EventCountry "GGB"]
[Source "www.saund.co.uk"]
[SourceDate "2005.02.07"]

1. Nf3 Nf6 2. c4 e6 3. g3 d5 4. Bg2 Be7 5. O-O O-O 6. d4 dxc4 7. Qc2 a6 8. a4
Bd7 9. Qxc4 Bc6 10. Bg5 a5 11. Nc3 Nbd7 12. Rad1 h6 13. Bc1 Nb6 14. Qa2 Bb4 15.
Rd3 Bxc3 16. bxc3 Bd5 17. Qa1 Qd7 18. Bf4 Rfc8 19. Qc1 Qe8 20. Ne5 Bxg2 21.
Kxg2 Nh7 22. e4 f6 23. Nf3 Qxa4 24. h4 Qb5 25. Rdd1 a4 26. e5 f5 27. Bxh6 gxh6
28. Qxh6 Qe8 29. d5 Nxd5 30. Rxd5 exd5 31. e6 Qf8 32. Qe3 Qf6 33. Re1 Re8 34.
Qc5 c6 35. Nd4 a3 36. Ra1 a2 37. Qb4 Qe7 38. Qb2 c5 39. Nxf5 Qxe6 0-1

[Event "Tradewise Gibraltar Masters 14th"]
[Site "Gibraltar"]
[Date "2016.02.04"]
[Round "10.49"]
[White "Akesson, Ralf"]
[Black "Siva, Mahadevan"]
[Result "1/2-1/2"]
[WhiteElo "2435"]
[BlackElo "2370"]
[PlyCount "89"]
[EventDate "2016.01.26"]
[EventType "swiss"]
[EventRounds "10"]
[EventCountry "GGB"]
[Source "www.saund.co.uk"]
[SourceDate "2005.02.07"]

1. d4 d5 2. c4 c6 3. Nf3 Nf6 4. e3 e6 5. Bd3 dxc4 6. Bxc4 Nbd7 7. O-O Bd6 8.
Nbd2 O-O 9. Be2 Qe7 10. Nc4 Bc7 11. b3 b5 12. Nce5 Bb7 13. Bb2 Rfd8 14. Qc2
Rac8 15. Nd3 Bd6 16. b4 Bxb4 17. Nxb4 Qxb4 18. a4 Qe7 19. Ba3 b4 20. Bxb4 Qxb4
21. Rfb1 Qd6 22. Rxb7 c5 23. Qb2 Rb8 24. a5 cxd4 25. Rxb8 Rxb8 26. Qxd4 Qc7 27.
h3 h6 28. Bf1 Nd5 29. Qc4 Ne5 30. Nxe5 Qxe5 31. Rc1 g5 32. Qc5 Rb2 33. Qxa7 Ra2
34. a6 Qb2 35. Rc8+ Kg7 36. Qd4+ Qxd4 37. exd4 Nb4 38. Bc4 Ra4 39. Ra8 Nc6 40.
Bb5 Ra1+ 41. Kh2 Nxd4 42. Bd7 h5 43. Bc8 h4 44. Rb8 Kf6 45. Rb7 1/2-1/2

[Event "Tradewise Gibraltar Masters 14th"]
[Site "Gibraltar"]
[Date "2016.02.04"]
[Round "10.50"]
[White "Tischbierek, Raj"]
[Black "Quillan, Gary"]
[Result "1-0"]
[WhiteElo "2433"]
[BlackElo "2369"]
[PlyCount "67"]
[EventDate "2016.01.26"]
[EventType "swiss"]
[EventRounds "10"]
[EventCountry "GGB"]
[Source "www.saund.co.uk"]
[SourceDate "2005.02.07"]

1. d4 e6 2. Bf4 c5 3. e3 cxd4 4. exd4 Qb6 5. Nc3 Nf6 6. a3 Be7 7. Nf3 d6 8. Be2
Bd7 9. b4 O-O 10. O-O Rc8 11. Qd3 Qc7 12. Bd2 a6 13. d5 exd5 14. Ng5 Bc6 15.
Bh5 g6 16. Bf3 Nbd7 17. Bxd5 Bxd5 18. Nxd5 Nxd5 19. Qxd5 Ne5 20. Rac1 Qc6 21.
Qb3 Qc4 22. Qe3 Rc7 23. Ne4 d5 24. Nc3 Bf6 25. Qg3 Rac8 26. Nd1 Qd4 27. Bg5 Bg7
28. Ne3 Rc3 29. Rfd1 Qa7 30. Rxd5 Nc4 31. Rcd1 h6 32. Bf4 Nxa3 33. Be5 Bxe5 34.
Rd8+ 1-0